000 00430nam a2200181Ia 4500
008 230524s9999 xx 000 0 und d
020 _a8121924960
082 _a621.382
_bMEH
100 _aV.K.Mehta
245 0 _aPrinciples of Power Systems
250 _a1ST
260 _aNEW DELHI
_bS.Chand
_c2005
300 _aXV;608
500 _aQuantity Number: 63
650 _aElectrical
700 _a Rohit Mehta
942 _cBK
999 _c21287
_d21287